[Event "1st Sivas Buruciye Open 2019"]
[Site "Sivas"]
[Date "2019.08.23"]
[Round "8"]
[White "Ozen, Sadettin Alperen"]
[Black "Babayeva, Nasrin"]
[Result "0-1"]
[WhiteElo "1549"]
[BlackElo "1547"]
[Annotator "NA"]
[PlyCount "66"]
[EventDate "2019.08.19"]
[EventType "swiss"]
[EventCountry "TUR"]
[SourceTitle "playchess.com"]
[Source "ChessBase"]
[SourceQuality "1"]
[TimeControl "5400+30"]

1. e4 Nc6 2. Nf3 d6 3. d4 Bg4 {[%emt 0:00:30]} 4. Bb5 {[%emt 0:06:00]} a6 {[%emt 0:00:30]} 5. Ba4 {[%emt 0:00:00]} b5 {[%emt 0:00:30]} 6. Bb3 {[%emt 0:00:00]} Nf6 {[%emt 0:02:30]} 7. Be3 {[%emt 0:01:30]} e6 {[%emt 0:00:30]} 8. Nbd2 {[%emt 0:03:30]} Be7 {[%emt 0:02:30]} 9. O-O {[%emt 0:03:30]} O-O {[%emt 0:01:30]} 10. c4 {[%emt 0:01:30]} bxc4 {[%emt 0:01:30]} 11. Bxc4 {[%emt 0:00:30]} Nxe4 {[%emt 0:00:30]} 12. Nxe4 {[%emt 0:00:30]} d5 {[%emt 0:00:30]} 13. Bd3 {[%emt 0:00:30]} dxe4 {[%emt 0:07:30]} 14. Bxe4 {[%emt 0:00:00]} Nb4 {[%emt 0:02:30]} 15. Qb1 {[%emt 0:07:00]} Bxf3 {[%emt 0:00:30]} 16. Bxf3 {[%emt 0:00:30]} Rb8 {[%emt 0:00:30]} 17. a3 {[%emt 0:01:30]} Nd5 {[%emt 0:00:00]} 18. Bd2 {[%emt 0:02:30]} Bf6 {[%emt 0:01:00]} 19. Bxd5 {[%emt 0:11:30]} Qxd5 {[%emt 0:00:00]} 20. Bb4 {[%emt 0:00:30]} Rfd8 {[%emt 0:00:00]} 21. Qc2 {[%emt 0:04:30]} Bxd4 {[%emt 0:01:30]} 22. Rad1 {[%emt 0:03:30]} Qb7 {[%emt 0:04:30]} 23. Rd3 {[%emt 0:13:30]} Rd5 {[%emt 0:01:30]} 24. Rfd1 {[%emt 0:03:30]} Rbd8 {[%emt 0:01:30]} 25. Qc4 {[%emt 0:14:30]} Qb6 {[%emt 0:03:30]} 26. Kh1 {[%emt 0:02:44]} c5 {[%emt 0:00:30]} 27. Be1 {[%emt 0:03:34]} Qb5 {[%emt 0:03:30]} 28. Qc2 {[%emt 0:02:30]} Qxb2 {[%emt 0:01:30]} 29. Qa4 {[%emt 0:00:35]} Qb5 {[%emt 0:01:30]} 30. Qc2 {[%emt 0:00:11]} c4 {[%emt 0:00:00]} 31. Rh3 {[%emt 0:00:14]} h6 {[%emt 0:02:00]} 32. Rb1 {[%emt 0:01:27]} Qc6 {[%emt 0:00:30]} 33. Ba5 {[%emt 0:00:08]} Rxa5 {[%emt 0:00:00]} 0-1

[Event "1st Sivas Buruciye Open 2019"]
[Site "Sivas"]
[Date "2019.08.24"]
[Round "9"]
[White "Annaberdiev, Meilis"]
[Black "Abdulov, Orkhan"]
[Result "1-0"]
[WhiteElo "2518"]
[BlackElo "2397"]
[Annotator "TA"]
[PlyCount "51"]
[EventDate "2019.08.19"]
[EventType "swiss"]
[EventCountry "TUR"]
[SourceTitle "playchess.com"]
[Source "ChessBase"]
[SourceQuality "1"]

{[%evp 19,51,25,30,31,38,0,26,2,0,0,0,0,0,0,0,0,0,0,152,159,359,347,584,581,575,562,552,524,842,810,29995,29996,29996,-184]} 1. e4 e5 2. Nf3 Nc6 3. Bb5 a6 4. Bxc6 dxc6 5. O-O Bg4 6. h3 h5 7. d3 Bxf3 8. Qxf3 Qd7 9. Nd2 O-O-O 10. Nc4 f6 11. Qe3 {Black must now prevent Qa7. C68: Ruy Lopez: Exchange Variation, sidelines} Kb8 12. b4 g5 13. a4 {White has an edge.} g4 14. h4 {[#]} Bxb4 $146 ({Predecessor:} 14... Bh6 15. Qg3 Bxc1 16. Rfxc1 Ne7 17. Re1 Qd4 18. Qe3 b6 {0-1 (40) Nataf,I (2559)-Mamedyarov,S (2646) Warsaw 2005}) 15. Rb1 $1 {[%cal Rb1b4,Ba1b1,Bb1b3,Bb3b6][%mdl 32]} Bc3 16. Bb2 Bd4 17. Bxd4 exd4 18. Qd2 c5 $2 ({Better is} 18... Ka7 $11) 19. Qa5 $40 {[%mdl 1152] And now Qxa6 would win. White has strong compensation. White attacks with force.} Qc6 $2 (19... Ka8 $16) 20. Rb3 Ka7 $2 (20... Ne7 {is a better defense.} 21. Rfb1 Kc8 22. Rxb7 Qxb7 23. Rxb7 Kxb7 24. Qxc5 Nc6) 21. Rfb1 $18 Rb8 {[#]} 22. Rb6 $3 {[%cal Rb6c6][%mdl 512]} cxb6 23. Rxb6 Qd7 {Strongly threatening ...Rc8.} 24. Qxc5 {Intending Rxa6+! and mate.} Rc8 {[#]} 25. Rxa6+ $1 {[%mdl 512]} Kb8 {[#]} (25... Kxa6 26. Qb6#) 26. Ra8+ $1 {[%mdl 33344] Decoy. Accuracy: White = 77%, Black = 36%. . Loss on time!?} 1-0

[Event "1st Sivas Buruciye Open 2019"]
[Site "Sivas"]
[Date "2019.08.24"]
[Round "9"]
[White "Bagaturov, Giorgi"]
[Black "Saraci, Nderim"]
[Result "1/2-1/2"]
[WhiteElo "2417"]
[BlackElo "2398"]
[Annotator "TA"]
[PlyCount "53"]
[EventDate "2019.08.19"]
[EventType "swiss"]
[EventCountry "TUR"]
[SourceTitle "playchess.com"]
[Source "ChessBase"]
[SourceQuality "1"]

{[%evp 19,53,83,93,79,88,98,138,79,99,66,82,52,63,42,40,48,31,34,42,0,0,0,0,0,0,0,7,9,8,8,8,7,9,7,9,5]} 1. d4 Nf6 2. c4 c5 3. d5 g6 4. Nc3 d6 5. Nf3 Bg7 6. e4 O-O 7. Be2 b5 8. cxb5 a6 9. a4 axb5 10. Bxb5 Ba6 11. Bf4 {A57: Benko/Volga Gambit} Ne8 $146 ({Predecessor:} 11... Nbd7 12. O-O Bxb5 13. axb5 Nb6 14. Qe2 Nfd7 15. Ra6 Rc8 16. e5 dxe5 17. Nxe5 Nxe5 18. Bxe5 Nxd5 19. Rd1 e6 20. Bxg7 Kxg7 21. Qe5+ {1-0 (45) Fedorovsky,M (2497)-Eybl,A (2277) Austria 2016}) 12. O-O Nc7 13. Re1 (13. e5 $142) 13... Nd7 14. e5 (14. Bc6 {seems wilder.} Rb8 15. Qc1 Rb4 16. a5 Nb8 17. Bh6) 14... Bxb5 15. exd6 exd6 {[#] Hoping for ...Bc4.} 16. axb5 Rxa1 17. Qxa1 Nb6 18. Bg5 Qd7 19. Qa7 (19. Re7 $5 {[%cal Re7d7]} Qc8 20. Qa7 Ncxd5 21. Nxd5 Nxd5 22. Rd7 $14) 19... Bxc3 $1 {The position is equal.} 20. bxc3 Ncxd5 21. Qxd7 Nxd7 22. Rd1 N7b6 23. c4 Nc3 24. Rxd6 Nxc4 25. Rc6 Nxb5 26. Rxc5 Nbd6 27. Bf4 {Accuracy: White = 55%, Black = 57%.} 1/2-1/2

[Event "1st Sivas Buruciye Open 2019"]
[Site "Sivas"]
[Date "2019.08.24"]
[Round "9"]
[White "Barsov, Alexei"]
[Black "Lortkipanidze, Nodar"]
[Result "1/2-1/2"]
[WhiteElo "2383"]
[BlackElo "2336"]
[Annotator "TA"]
[PlyCount "28"]
[EventDate "2019.08.19"]
[EventType "swiss"]
[EventCountry "TUR"]
[SourceTitle "playchess.com"]
[Source "ChessBase"]
[SourceQuality "1"]

{[%evp 15,28,0,33,43,34,43,39,33,34,24,18,20,18,10,12]} 1. d4 e6 2. g3 c5 3. Nf3 cxd4 4. Nxd4 Nc6 5. Bg2 Qb6 6. Nb3 d5 7. O-O Nf6 8. Be3 Qd8 {[#]} (8... Qc7 {with more complications.} 9. Bf4 e5 10. Bg5 Ne4 11. Be3 Nf6) 9. c4 $1 {[%mdl 512] A46: 1 d4 Nf6 2 Nf3 e6: Torre, London and Colle Systems} dxc4 {Strongly threatening ...Qxd1.} 10. Qxd8+ Nxd8 (10... Kxd8 11. Rd1+ Nd5 12. Bxd5 exd5 13. Rxd5+ Ke8 14. Nd4 Nxd4 15. Rxd4 Be6 16. Re4 Bb4 {½-½ (42) Burmakin,V (2590)-Forcen Esteban,D (2535) Benasque 2014}) 11. Na5 Nd5 12. Bd2 b6 13. Nxc4 Ba6 14. Ne3 $146 ({Predecessor:} 14. Nba3 Rc8 15. Rfc1 Be7 16. Ne3 Rxc1+ 17. Rxc1 Nxe3 18. Bxe3 {1-0 (31) Kovalev,D (2466)-Roschupkin,V (1964) Yuzhny 2010}) 14... Nxe3 1/2-1/2

[Event "1st Sivas Buruciye Open 2019"]
[Site "Sivas"]
[Date "2019.08.24"]
[Round "9"]
[White "Odeev, Handszar"]
[Black "Hasanzade, Toghrul"]
[Result "0-1"]
[WhiteElo "2360"]
[BlackElo "2314"]
[Annotator "TA"]
[PlyCount "78"]
[EventDate "2019.08.19"]
[EventType "swiss"]
[EventCountry "TUR"]
[SourceTitle "playchess.com"]
[Source "ChessBase"]
[SourceQuality "1"]

{[%evp 12,79,0,0,15,0,0,0,0,0,0,0,0,0,0,0,0,0,0,0,0,0,33,32,44,43,54,7,33,-88,-33,-152,-143,-146,-154,-162,-112,-179,-185,-248,-247,-262,-241,-229,-167,-174,-177,-172,-179,-173,-177,-166,-10,-10,-8,-120,-122,-129,-134,-118,-130,-127,-140,-170,-178,-791,-780,-5712,-1749,-29999]} 1. e4 e6 2. d4 d5 3. Nd2 c5 4. exd5 Qxd5 5. dxc5 Bxc5 6. Ngf3 Nf6 7. Bc4 Qc6 {C07: French Tarrasch: 3...c5, 4 Ngf3 and 4 exd5 Qxd5} 8. O-O O-O 9. Qe2 a6 {The position is equal.} (9... b6 10. Nb3 Bb7 11. Nxc5 Qxc5 12. b3 Nbd7 13. Bb2 Qh5 14. Ne5 Qxe2 15. Bxe2 Nxe5 16. Bxe5 {½-½ (68) Bruzon Batista,L (2653)-Lenderman,A (2626) Saint Louis 2018}) 10. Bd3 Nbd7 11. Ne4 Nxe4 12. Bxe4 Qc7 13. Bd3 $146 ({Predecessor:} 13. Bg5 f5 14. Bd3 e5 15. Bc4+ {0-1 (40) Fenil,S (2411)-Jarmula,L (2512) Pardubice 2018}) 13... Nf6 14. Bg5 b6 15. Bxf6 gxf6 16. Bxh7+ Kg7 (16... Kxh7 $5 17. Qe4+ $8 Kg7 18. Qg4+ (18. Qxa8 $2 {too greedy.} Bb7 $19) 18... Kh8 19. Qh4+ Kg8 20. Qg4+ Kh8 21. Qh4+ Kg8 22. Qg4+ Kh8 $11) 17. Be4 Rb8 18. Rad1 Rh8 19. Qd2 Rh5 {Black wants to play ...f5.} 20. h3 (20. g4 $14 {keeps the upper hand.} Rh3 21. g5) 20... f5 $1 $17 {[%cal Rf5e4]} 21. Qc3+ ({White should play} 21. Bc6 $1 $15) 21... f6 $1 22. Nd2 {Black should prevent Bf3.} fxe4 23. Nxe4 Rh6 24. b4 (24. Rfe1 $17 Rb7 25. Nxc5 Qxc5 26. Qxc5 bxc5 27. Rd8) 24... Bb7 $19 25. Rd4 (25. Nxc5 {keeps fighting.} bxc5 26. Qxc5) 25... Bxe4 $1 26. bxc5 Bd5 27. Rg4+ Rg6 28. Rxg6+ Kxg6 29. Qd3+ f5 30. c4 Be4 31. Qe3 Rd8 $2 ({But not} 31... bxc5 32. f3 $11) (31... Kf7 $19 32. f3 Bc2 33. cxb6 Rxb6) 32. cxb6 $11 Qxc4 33. Qg3+ (33. h4 $1 $11 Qd4 34. Qg5+ Kf7 35. Rc1) 33... Kf7 $17 {Threatens to win with ...Rg8.} 34. Qh4 {[#]} Rg8 $1 35. Qh5+ {[#]} Kf8 $1 36. Qh6+ {[#]} Ke8 $1 37. Qh5+ {[#]} Kd8 $1 38. Rd1+ $2 {[#]} (38. f3 Bd5 39. Qh7 Qd4+ 40. Kh1) 38... Kc8 $1 $19 39. f3 {[#]} Qxa2 {Played: Qc4-c2} 0-1

[Event "1st Sivas Buruciye Open 2019"]
[Site "Sivas"]
[Date "2019.08.24"]
[Round "9"]
[White "Sevdimaliyev, Urfan"]
[Black "Aliyev, Rasim"]
[Result "1-0"]
[WhiteElo "2348"]
[BlackElo "2139"]
[Annotator "TA"]
[PlyCount "43"]
[EventDate "2019.08.19"]
[EventType "swiss"]
[EventCountry "TUR"]
[SourceTitle "playchess.com"]
[Source "ChessBase"]
[SourceQuality "1"]

{[%evp 23,43,18,36,39,37,14,20,6,13,-57,-66,-88,-86,-99,164,154,281,293,285,228,225,229]} 1. d4 d5 2. Nf3 Nf6 3. Bg5 e6 4. Nbd2 c5 5. e3 Nc6 6. c3 Be7 7. Bd3 O-O 8. O-O b6 9. Ne5 Nxe5 10. dxe5 Nd7 11. Bxe7 Qxe7 12. f4 f6 13. exf6 {D03: 1 d4 d5 2 Nf3 Nf6 3 Bg5, including Torre Attack with early ...d5} Rxf6 14. e4 Bb7 15. e5 {The position is equal.} Rf7 $1 {[#]} 16. c4 $146 (16. g3 $11) ({Predecessor:} 16. Qg4 Raf8 17. h4 c4 18. Bc2 Qc5+ 19. Kh2 Qe3 20. Rae1 Qxd2 {1-0 (29) Salgado Lopez,I (2643)-Ivic,V (2432) Ankara 2018}) 16... g5 $15 17. cxd5 Bxd5 18. Qg4 Nf8 $2 {[%mdl 8192] [#]} (18... Raf8 $17 {[%cal Rf7f4] and life is bright.} 19. Qe2 Rxf4 20. Rxf4 Rxf4) 19. fxg5 $18 ({Not} 19. Qxg5+ $2 Rg7 $19) 19... Ng6 (19... Nd7 $16) 20. Bxg6 hxg6 21. Ne4 Bxe4 22. Qxe4 {[%mdl 64] Double Attack} 1-0

[Event "1st Sivas Buruciye Open 2019"]
[Site "Sivas"]
[Date "2019.08.24"]
[Round "9"]
[White "Gasimov, Parviz"]
[Black "Yarashov, Azat"]
[Result "0-1"]
[WhiteElo "2342"]
[BlackElo "2156"]
[Annotator "ChessBase"]
[PlyCount "78"]
[EventDate "2019.08.19"]
[EventType "swiss"]
[EventCountry "TUR"]
[SourceTitle "playchess.com"]
[Source "ChessBase"]
[SourceQuality "1"]
[TimeControl "5400+30"]

1. e4 {[%emt 0:00:30]} c5 {[%emt 0:01:30]} 2. Nf3 {[%emt 0:00:30]} d6 {[%emt 0:00:30]} 3. d4 {[%emt 0:01:30]} cxd4 {[%emt 0:00:30]} 4. Qxd4 {[%emt 0:00:30]} Nc6 {[%emt 0:00:30]} 5. Bb5 {[%emt 0:00:00]} Bd7 {[%emt 0:00:30]} 6. Bxc6 {[%emt 0:00:00]} Bxc6 {[%emt 0:01:30]} 7. Nc3 {[%emt 0:00:30]} Nf6 {[%emt 0:07:30]} 8. Bg5 {[%emt 0:00:00]} e6 {[%emt 0:02:30]} 9. O-O-O {[%emt 0:01:00]} Be7 {[%emt 0:00:30]} 10. Rhe1 {[%emt 0:03:30]} Qc7 {[%emt 0:04:30]} 11. Qd2 {[%emt 0:07:30]} h6 {[%emt 0:20:30]} 12. Bxf6 {[%emt 0:15:30]} gxf6 {[%emt 0:04:30]} 13. Nd4 {[%emt 0:02:30]} O-O-O {[%emt 0:02:30]} 14. Qe3 {[%emt 0:18:30]} Qa5 {[%emt 0:24:30]} 15. f4 {[%emt 0:06:30]} Kb8 {[%emt 0:06:51]} 16. Kb1 {[%emt 0:10:30]} Bd7 {[%emt 0:00:36]} 17. f5 {[%emt 0:02:30]} Rc8 {[%emt 0:01:14]} 18. Nce2 {[%emt 0:04:30]} h5 {[%emt 0:01:07]} 19. g3 {[%emt 0:01:30]} Bf8 {[%emt 0:01:26]} 20. Qd3 {[%emt 0:03:18]} Qb6 {[%emt 0:04:03]} 21. Rf1 {[%emt 0:03:40]} Be7 {[%emt 0:01:36]} 22. Nf4 {[%emt 0:01:43]} e5 {[%emt 0:06:11]} 23. Nd5 {[%emt 0:00:30]} Qd8 {[%emt 0:00:08]} 24. Nb5 {[%emt 0:05:49]} Bf8 {[%emt 0:00:51]} 25. Na3 {[%emt 0:03:18]} Rg8 {[%emt 0:00:28]} 26. Qf3 {[%emt 0:00:51]} Rh8 {[%emt 0:01:19]} 27. Qb3 {[%emt 0:01:57]} Bc6 {[%emt 0:02:29]} 28. Rf3 {[%emt 0:00:40]} h4 {[%emt 0:00:28]} 29. g4 {[%emt 0:00:17]} Bh6 {[%emt 0:00:58]} 30. Rfd3 {[%emt 0:00:42]} Bg5 {[%emt 0:00:58]} 31. Qb4 {[%emt 0:01:14]} h3 {[%emt 0:00:19]} 32. Nc4 {[%emt 0:01:15]} Bxd5 {[%emt 0:01:32]} 33. Rxd5 {[%emt 0:00:59]} Qc7 {[%emt 0:00:00]} 34. b3 {[%emt 0:00:58]} Bf4 {[%emt 0:00:16]} 35. R5d3 {[%emt 0:00:21]} Qc5 {[%emt 0:00:45]} 36. Qe1 {[%emt 0:01:48]} Bxh2 {[%emt 0:00:26]} 37. Qf1 {[%emt 0:01:32]} Bf4 {[%emt 0:00:10]} 38. Rd5 {[%emt 0:00:04]} Qc6 {[%emt 0:01:02]} 39. Rxd6 {[%emt 0:00:31]} Qxe4 {[%emt 0:00:11]} 0-1

[Event "1st Sivas Buruciye Open 2019"]
[Site "Sivas"]
[Date "2019.08.24"]
[Round "9"]
[White "Darban, Morteza"]
[Black "Babayev, Talib"]
[Result "1/2-1/2"]
[WhiteElo "2280"]
[BlackElo "2288"]
[Annotator "ChessBase"]
[PlyCount "22"]
[EventDate "2019.08.19"]
[EventType "swiss"]
[EventCountry "TUR"]
[SourceTitle "playchess.com"]
[Source "ChessBase"]
[SourceQuality "1"]
[TimeControl "5400+30"]

1. e4 e5 {[%emt 0:00:30]} 2. Nf3 {[%emt 0:02:00]} Nf6 {[%emt 0:00:00]} 3. Nxe5 {[%emt 0:02:30]} d6 {[%emt 0:01:00]} 4. Nf3 {[%emt 0:00:00]} Nxe4 {[%emt 0:00:00]} 5. Qe2 {[%emt 0:03:00]} Qe7 {[%emt 0:01:00]} 6. d3 {[%emt 0:02:30]} Nf6 {[%emt 0:01:30]} 7. Bg5 {[%emt 0:02:30]} Nbd7 {[%emt 0:06:30]} 8. Nc3 {[%emt 0:10:30]} Qxe2+ {[%emt 0:05:30]} 9. Bxe2 {[%emt 0:00:30]} h6 {[%emt 0:04:30]} 10. Bd2 {[%emt 0:06:30]} Nb6 {[%emt 0:04:30]} 11. Nb5 {[%emt 0:05:30]} Kd8 {[%emt 0:00:30]} 1/2-1/2

[Event "1st Sivas Buruciye Open 2019"]
[Site "Sivas"]
[Date "2019.08.24"]
[Round "9"]
[White "Rzayev, Chingiz"]
[Black "Arman, Deniz"]
[Result "1/2-1/2"]
[WhiteElo "2098"]
[BlackElo "2347"]
[Annotator "TA"]
[PlyCount "77"]
[EventDate "2019.08.19"]
[EventType "swiss"]
[EventCountry "TUR"]
[SourceTitle "playchess.com"]
[Source "ChessBase"]
[SourceQuality "1"]

{[%evp 10,77,77,33,43,23,27,26,43,26,128,127,116,122,156,174,161,166,167,160,264,174,286,214,208,206,189,51,191,187,184,194,231,239,238,213,293,314,437,313,433,428,441,440,440,438,425,433,393,382,362,371,309,307,295,207,203,199,198,0,8,2,2,2,2,0,0,0,0,0]} 1. e4 d5 2. exd5 Qxd5 3. Nc3 Qd6 4. d4 Nf6 5. Nf3 a6 6. Be2 Bg4 {B01: Scandinavian Defence} (6... Nc6 7. O-O Bg4 8. Be3 e6 9. Qc1 Nd5 10. Ne4 Qd8 11. Bg5 Be7 12. c4 Nf6 13. Bxf6 Bxf6 14. d5 Bxf3 15. Bxf3 {1-0 (35) Akopian,V (2667)-Megaranto,S (2540) Golden Sands 2014}) 7. Ne5 Bxe2 8. Nxe2 Nc6 {White has an edge.} 9. Bf4 {[#] Hoping for Nxf7!} g5 $146 (9... Qe6 $11 {remains equal.}) ({Predecessor:} 9... Qb4+ 10. c3 Qb5 11. a4 Qd5 12. O-O e6 13. Re1 Nxe5 14. Bxe5 {1-0 (39) Amiridou,D (1803)-Vafiadou,A (1692) Achaia 2017}) 10. Nxf7 $1 $16 (10. Bxg5 $6 Nxe5 11. Bf4 Nfd7 $11) 10... Qd5 11. Nxg5 Qxg2 12. Rg1 $36 {[%mdl 2048] Black is under strong pressure.} Qd5 13. Qd3 Nb4 14. Qc3 {[%mdl 64] [#] Double Attack} Nc6 (14... h6 $16 {might work better.}) 15. Qb3 (15. Bxc7 Rg8 $16) 15... Rg8 (15... Qxb3 {keeps fighting.} 16. axb3 Rg8) 16. O-O-O ({Weaker is} 16. Qxb7 Nxd4 17. Qxd5 (17. Qxc7 Rxg5 {[%mdl 64] Remove Defender, Deflection} 18. Rxg5 Qh1+ 19. Ng1 Ne6 $17 {[%mdl 64] Double Attack}) 17... Nxd5 $16) 16... Qxb3 17. axb3 Bh6 18. Nxh7 (18. d5 $18 Ne5 19. Ne6 (19. Bxe5 Rxg5 20. Rxg5 Bxg5+ 21. f4 Bh4 $16) 19... Rxg1 20. Rxg1 Bxf4+ 21. N2xf4) 18... Bxf4+ (18... Rxg1 $1 $14 19. Nxf6+ Kf7 20. Rxg1 Nxd4 21. Nxd4 Bxf4+ 22. Kb1 Bxh2) 19. Nxf4 $18 Rxg1 20. Nxf6+ exf6 21. Rxg1 {[%mdl 4096] Endgame KRN-KRN} Kf7 22. d5 Ne5 23. Ne6 {aiming for Rg7+.} f5 24. Nxc7 Rd8 25. f4 Ng6 26. c4 Rh8 27. d6 Nxf4 {Strongly threatening ...Ne2+.} 28. Rf1 Ne2+ 29. Kd2 Nd4 30. Kc3 Rh4 31. Rf2 Kf6 32. Nd5+ Ke6 33. Rd2 Nf3 34. Rf2 $2 (34. Nf4+ $18 Kd7 35. Ng6) 34... Ne5 {The position is equal.} 35. Ne3 Rh3 36. Kd2 Kxd6 37. Rxf5 Rxh2+ 38. Kc3 {Threatens to win with Rxe5!} Rh3 39. Kd4 {Accuracy: White = 61%, Black = 49%.} 1/2-1/2

[Event "1st Sivas Buruciye Open 2019"]
[Site "Sivas"]
[Date "2019.08.24"]
[Round "9"]
[White "Gur, Tuba"]
[Black "Ciblakbas, Sertan"]
[Result "1-0"]
[WhiteElo "1775"]
[BlackElo "1720"]
[Annotator "NA"]
[PlyCount "49"]
[EventDate "2019.08.19"]
[EventType "swiss"]
[EventCountry "TUR"]
[SourceTitle "playchess.com"]
[Source "ChessBase"]
[SourceQuality "1"]
[TimeControl "5400+30"]

1. d4 {[%emt 0:00:30]} Nf6 {[%emt 0:13:30]} 2. Nf3 {[%emt 0:00:00]} e6 {[%emt 0:00:30]} 3. e3 {[%emt 0:00:00]} d5 {[%emt 0:00:30]} 4. Bd3 {[%emt 0:00:00]} c5 {[%emt 0:00:00]} 5. O-O {[%emt 0:01:00]} Nc6 {[%emt 0:02:00]} 6. b3 {[%emt 0:00:00]} Bd6 {[%emt 0:02:30]} 7. Bb2 {[%emt 0:00:00]} O-O {[%emt 0:00:30]} 8. a3 {[%emt 0:03:30]} b6 {[%emt 0:06:30]} 9. Ne5 {[%emt 0:00:30]} Bb7 {[%emt 0:00:30]} 10. f4 {[%emt 0:00:30]} Ne7 {[%emt 0:01:30]} 11. Nd2 {[%emt 0:04:30]} Ne4 {[%emt 0:11:30]} 12. Nxe4 {[%emt 0:06:30]} dxe4 {[%emt 0:00:30]} 13. Bc4 {[%emt 0:00:30]} Bxe5 {[%emt 0:03:30]} 14. dxe5 {[%emt 0:00:30]} Qxd1 {[%emt 0:05:30]} 15. Rfxd1 {[%emt 0:04:30]} Rad8 {[%emt 0:00:30]} 16. Kf2 {[%emt 0:03:30]} h5 {[%emt 0:07:30]} 17. Be2 {[%emt 0:06:30]} g6 {[%emt 0:00:30]} 18. b4 {[%emt 0:01:30]} Nf5 {[%emt 0:07:30]} 19. Bc3 {[%emt 0:04:30]} c4 {[%emt 0:00:30]} 20. b5 {[%emt 0:00:30]} Rxd1 {[%emt 0:07:30]} 21. Rxd1 {[%emt 0:00:30]} Bd5 {[%emt 0:00:30]} 22. Bb4 {[%emt 0:00:30]} Rc8 {[%emt 0:00:30]} 23. g4 {[%emt 0:06:30]} hxg4 {[%emt 0:01:30]} 24. Bxg4 {[%emt 0:00:00]} Ng7 {[%emt 0:07:02]} 25. Rxd5 {[%emt 0:00:00]} 1-0

[Event "1st Sivas Buruciye Open 2019"]
[Site "Sivas"]
[Date "2019.08.24"]
[Round "9"]
[White "Subasi, Fidel"]
[Black "Khvadagiani, Nika"]
[Result "0-1"]
[WhiteElo "1683"]
[BlackElo "1880"]
[Annotator "NA"]
[PlyCount "42"]
[EventDate "2019.08.19"]
[EventType "swiss"]
[EventCountry "TUR"]
[SourceTitle "playchess.com"]
[Source "ChessBase"]
[SourceQuality "1"]
[TimeControl "5400+30"]

1. e4 c5 2. Nc3 Nc6 3. f4 {[%emt 0:00:30]} d6 {[%emt 0:01:30]} 4. Bb5 {[%emt 0:00:30]} Bd7 {[%emt 0:00:30]} 5. Nf3 {[%emt 0:00:30]} g6 {[%emt 0:04:30]} 6. O-O {[%emt 0:03:30]} Bg7 {[%emt 0:01:30]} 7. d3 {[%emt 0:02:30]} Nd4 $14 {[%emt 0:03:30]} 8. Bc4 {[%emt 0:03:30]} b5 {[%emt 0:04:30]} 9. Bd5 {[%emt 0:02:30]} Rc8 {[%emt 0:00:30]} 10. f5 {[%emt 0:29:30]} Nf6 {[%emt 0:09:30]} 11. Be3 {[%emt 0:13:30]} b4 {[%emt 0:02:30]} 12. Bxd4 {[%emt 0:13:30]} cxd4 {[%emt 0:00:30]} 13. Ne2 {[%emt 0:01:30]} Nxd5 {[%emt 0:00:00]} 14. exd5 {[%emt 0:00:00]} Bxf5 {[%emt 0:01:00]} 15. Ng5 {[%emt 0:04:00]} O-O {[%emt 0:00:30]} 16. Ng3 {[%emt 0:06:36]} Bd7 {[%emt 0:01:30]} 17. h4 {[%emt 0:02:01]} h6 {[%emt 0:00:30]} 18. Nf3 {[%emt 0:01:08]} Qa5 {[%emt 0:00:30]} 19. h5 {[%emt 0:02:01]} Qxd5 {[%emt 0:02:30]} 20. Nh4 {[%emt 0:01:02]} Qg5 {[%emt 0:00:30]} 21. hxg6 {[%emt 0:02:27]} fxg6 {[%emt 0:00:30]} 0-1

[Event "1st Sivas Buruciye Open 2019"]
[Site "Sivas"]
[Date "2019.08.24"]
[Round "9"]
[White "Bogaakca, Mehmet"]
[Black "Sabahi, Ali Can"]
[Result "0-1"]
[WhiteElo "1665"]
[BlackElo "1825"]
[Annotator "NA"]
[PlyCount "62"]
[EventDate "2019.08.19"]
[EventType "swiss"]
[EventCountry "TUR"]
[SourceTitle "playchess.com"]
[Source "ChessBase"]
[SourceQuality "1"]
[TimeControl "5400+30"]

1. Nf3 {[%emt 0:02:30]} e6 {[%emt 0:00:30]} 2. d4 {[%emt 0:00:30]} Nf6 {[%emt 0:00:30]} 3. Bg5 {[%emt 0:00:00]} c5 {[%emt 0:00:30]} 4. c3 {[%emt 0:00:00]} cxd4 {[%emt 0:00:30]} 5. cxd4 {[%emt 0:00:00]} Qb6 {[%emt 0:00:30]} 6. Qc2 {[%emt 0:03:00]} Nc6 {[%emt 0:02:30]} 7. Bxf6 {[%emt 0:00:30]} gxf6 {[%emt 0:00:00]} 8. e3 {[%emt 0:00:30]} d5 {[%emt 0:01:00]} 9. Nbd2 {[%emt 0:00:30]} Bd7 {[%emt 0:01:30]} 10. Rc1 {[%emt 0:00:30]} Bd6 {[%emt 0:07:30]} 11. Qb3 {[%emt 0:01:30]} Qxb3 {[%emt 0:03:30]} 12. Nxb3 {[%emt 0:00:30]} b6 {[%emt 0:00:00]} 13. Bb5 {[%emt 0:01:30]} Nb4 {[%emt 0:00:00]} 14. Bxd7+ {[%emt 0:02:30]} Kxd7 {[%emt 0:00:30]} 15. Kd2 {[%emt 0:01:30]} Nxa2 {[%emt 0:00:30]} 16. Ra1 {[%emt 0:00:00]} Nb4 {[%emt 0:00:00]} 17. Rhc1 {[%emt 0:00:00]} a5 {[%emt 0:01:00]} 18. Ke2 {[%emt 0:04:30]} a4 {[%emt 0:06:30]} 19. Nbd2 {[%emt 0:00:30]} b5 {[%emt 0:00:00]} 20. Ne1 {[%emt 0:00:30]} Rhc8 {[%emt 0:01:00]} 21. Nd3 {[%emt 0:00:30]} Nc2 {[%emt 0:01:30]} 22. Ra2 {[%emt 0:22:30]} Nb4 {[%emt 0:19:30]} 23. Raa1 {[%emt 0:05:30]} Nxd3 {[%emt 0:01:30]} 24. Rxc8 {[%emt 0:01:30]} Nf4+ {[%emt 0:03:30]} 25. exf4 {[%emt 0:04:30]} Rxc8 {[%emt 0:01:30]} 26. b3 {[%emt 0:03:30]} Bxf4 {[%emt 0:08:30]} 27. Nf3 {[%emt 0:03:30]} Rc2+ {[%emt 0:02:30]} 28. Kd3 {[%emt 0:00:30]} axb3 {[%emt 0:00:30]} 29. g3 {[%emt 0:01:30]} Bh6 {[%emt 0:03:30]} 30. Rf1 {[%emt 0:04:30]} b4 {[%emt 0:02:30]} 31. g4 {[%emt 0:00:30]} Bc1 {[%emt 0:01:30]} 0-1